Normal view
MARC view
- Orzag, S. A , Brebbia, C. A
Entry Personal Name
001 - CONTROL NUMBER
- control field: 66497
003 - CONTROL NUMBER IDENTIFIER
- control field: NUST
005 - DATE AND TIME OF LATEST TRANSACTION
- control field: 20210628203612.0
008 - FIXED-LENGTH DATA ELEMENTS
- fixed length control field: 210628|| aca||aabn | a|a d
040 ## - CATALOGING SOURCE
- Original cataloging agency: NUST
- Transcribing agency: NUST
100 ## - HEADING--PERSONAL NAME
- Personal name: Orzag, S. A , Brebbia, C. A
670 ## - SOURCE DATA FOUND
- Source citation: Work cat.: (NUST): Orzag, S. A , Brebbia, C. A, Lecture notes in engineering, 1987
